| 000 | 00920nam a22002892a 4500 | ||
|---|---|---|---|
| 001 | 24599 | ||
| 003 | BD-RjUL | ||
| 005 | 20211209001055.0 | ||
| 008 | 140313s1967 ii b 000 0 eng d | ||
| 035 | _a(BD-RjUL)24668 | ||
| 040 |
_aDLC _cDLC _dUKM _dBD-RjUL _beng |
||
| 041 | _aeng | ||
| 082 | 0 | 0 |
_a301.295404 _bMOI 1967 |
| 100 | 1 |
_aMookerjee, Girija K. _q(Girija Kanta), _d1905-1974. _975718 |
|
| 245 | 1 | 4 |
_aThe Indian image of nineteenth-century Europe / _cGirija K. Mookerjee. |
| 260 |
_aBombay : _bAsia Publishing House, _cc1967. |
||
| 300 |
_a58 p. ; _c19 cm. |
||
| 504 | _aBibliographical footnotes. | ||
| 650 | 0 |
_aCivilization, Modern _y19th century. _975482 |
|
| 651 | 0 |
_aIndia _xRelations _zEurope. _975719 |
|
| 651 | 0 |
_aEurope _xRelations _zIndia _975720 |
|
| 830 | 0 |
_vno. 4 _975734 |
|
| 830 | 0 |
_aInternational studies series. _975735 |
|
| 942 |
_2ddc _cBK |
||
| 999 |
_c24599 _d24599 |
||